000 01076nam a2200301 i 4500
003 EG-GICUC
005 20260422111705.0
008 260422s1967 fr fr|||| 000 0 fre d
040 _aEG-GiCUC
_bfre
_cEG-GiCUC
_dEG-GiCUC
_eRda
041 0 _afre
082 0 4 _221
_a343.11223
_bCH . D
092 0 4 _221
099 _aLaw1 10 343.11223 CH . D 1967
100 1 _aCharpentier, Jehanne
_eAuteur
245 1 3 _aLe droit de l’enfance abandonnée :
_bson évolution sous l’influence de la psychologie (1552–1791) /
_cpar Jehanne Charpentier
264 1 _aParis :
_bPresses Universitaires de France,
_c1967.
300 _a244 page ;
_c 24 cm.
_billustration ;
336 _2rda contenu
_a texte
337 _2rda medias
_aOrdinateur
338 _2 transporteur rda
_a Ressource en ligne
504 _aComprend des références bibliographiques et un index.
546 _aTexte en français
650 1 4 _aLa Procédure Pénale.
_2qrmak
651 1 _2qrmak
856 4 0 _uhttps://fll.law.cu.edu.eg/fulltext/bks/B10-10290.pdf
905 _a74
942 _2ddc
_cBK
_e21
_n0
999 _c72803
_d72803